Predajú Tonu ? v susedstve má byť balneocentrum

Bibliographic Details
Main Author: Antoni, Miroslav (Author)
Format: Article
Language:Slovak
ISSN:1335-8375
Subjects:

MARC

LEADER 00000nab a22000007a 4500
001 vtls009276725
003 SK-MaSNL
005 20260303230909.0
008 080317 2008 xo | || | |00 0 slo
038 |a NZKAB 
040 |a NZKAB  |b slo  |c NZKAB  |e AACR2 
041 0 |a slo 
044 |a xo  |c SK 
080 |a 332.72  |x (437.614)  |2 1997 
100 1 |a Antoni, Miroslav,  |4 aut  |9 1034434 
245 1 0 |a Predajú Tonu ?  |b v susedstve má byť balneocentrum  |c Miroslav Antoni 
648 7 |a 2008  |2 nzkab  |9 317238 
650 0 7 |a Červený piesok (lokalita : Slovensko)  |z Šurany  |2 nzkab  |9 1265349 
650 0 7 |a pozemky  |x predaj  |2 nzkab  |9 1046351 
650 0 7 |a štrk  |2 nzkab  |9 51219 
651 7 |a Šurany (Slovensko)  |2 nzkab  |9 14578 
773 1 |t Nitrianske noviny : naše novosti  |g Roč. 47/16, č. 11 (2008), s. 7  |x 1335-8375 
852 |a NZKAB  |b KIS3GCP 
958 |a RB 
999 |c 2264224  |d 2266154